The most human human (Registro nro. 316330)

Detalles MARC
000 -ENCABEZADO
Número de control [NR] 00737 a2200205 4500
005 - FECHA Y HORA DE LA ÚLTIMA TRANSACCIÓN
control field 20191205154258.0
008 - DE LONGITUD FIJA DE DATOS DE ELEMENTOS - INFORMACIÓN GENERAL
Elementos de longitud fija [NR] 191205s2012 nyu||||| |||| 00| 0 eng d
020 ## - NUMERO INTERNACIONAL NORMALIZADO PARA LIBROS [R]
Número Internacional Normalizado del libro [NR] 9780307476708
040 ## - FUENTE DE CATALOGACION [NR]
Agencia de catalogación original [NR] CO-BoUCM
Idioma de catalogación [NR] spa
Quien Cataloga Saul Niño
Quien Clasifica Saul Niño
041 0# - CODIGO DE IDIOMA [R]
Código de idioma para texto/pista de sonido o título separado [R] Inglés
100 10 - ASIENTO PRINCIPAL--NOMBRE PERSONAL [NR]
Nombre personal [NR] Christian, Brian
Fechas asociadas con el nombre [NR] 1984-
ID Autoridad 99462
245 14 - MENCION DE TITULO [NR]
Título [NR] The most human human
Parte restante del título [NR] what talking with computers teaches us about what it means to be alive
Mención de responsabilidad, etc. [NR] Brian Christian
260 ## - PUBLICACION, DISTRIBUCION, ETC. (PIE DE IMPRENTA) [R]
Lugar de publicación, distribución, etc. [R] New York
Nombre del editor, distribuidor, etc. [R] Anchor books
Fecha de publicación, distribución, etc. [R] 2012
300 ## - DESCRIPCION FISICA [R]
Extensión [R] 245 páginas
650 #7 - ASIENTO SECUNDARIO DE MATERIA - TERMINO TEMATICO [R]
9 (RLIN) 9195
Término temático o nombre geográfico como elemento de entrada [NR] Antropología Filosófica
650 #7 - ASIENTO SECUNDARIO DE MATERIA - TERMINO TEMATICO [R]
9 (RLIN) 20899
Término temático o nombre geográfico como elemento de entrada [NR] Origen del ser humano
650 #7 - ASIENTO SECUNDARIO DE MATERIA - TERMINO TEMATICO [R]
9 (RLIN) 24663
Término temático o nombre geográfico como elemento de entrada [NR] Sistemas hombre-máquina
Subdivisión general [R] Filosofía
942 ## - ELEMENTOS DE ENTRADA AGREGADOS (KOHA)
Tipo de ítem principal el descrito en 300a Libro
Sistema de clasificación DEWEY
Tema principal Filosofía
Edición 1
Clasificación 128
Parte restante de la signatura top. C555m
Existencias
Total préstamos Signatura topográfica Código de barras Última vez visto Ejemplar Costo de reposición Price effective from Tipo de ítem Perdido Sistema de clasificación Dañado No prestable Tipo de ítem específico Suprimido Ubicación habitual Ubicación actual Localización Fecha de creación Proveedor Forma de adquisición Costo
  128 C555m 100165219 05/12/2025 Ej.1 39900.00 20/11/2019 Libro   DEWEY     Libro   Claustro Claustro 2do piso 20/11/2019 37 Compra 39900.00